01117nam a2200277 a 4500001001200000003000800012006001900020007001500039008004100054020002900095020002700124040002100151035002100172050002600193100001900219245009300238260005400331300001100385504005100396533015200447650005100599655002900650710001700679856012600696999001700822ebr10623334CaPaEBRm u cr cn|||||||||121129s2010 enk sb 001 0 eng d z9780719074462 (hardback) z9781847793454 (e-book) aCaPaEBRcCaPaEBR a(OCoLC)80859971014aPR830.G45bS65 2010eb1 aSmith, Andrew.14aThe ghost story, 1840-1920h[electronic resource] :ba cultural history /cAndrew Smith. aManchester :bManchester University Press,c2010. a202 p. aIncludes bibliographical references and index. aElectronic reproduction.bPalo Alto, Calif. :cebrary,d2011.nAvailable via World Wide Web.nAccess may be limited to ebrary affiliated libraries. 0aGhost stories, EnglishxHistory and criticism. 7aElectronic books.2local2 aebrary, Inc.40uhttp://site.ebrary.com/lib/rucke/Doc?id=10623334zAn electronic book accessible through the World Wide Web; click to view c55849d55849